Logical elimination click quiz - NBA edition - Statistics

General Stats
  • This quiz has been taken 450 times
  • The average score is 5 of 15
Answer Stats
Hint Answer % Correct
I play/ed for New Orleans Pelicans in my career. Anthony Davis
62%
I am known as a shooter who played with Luka Doncic and was in All Rookie First Team in 2014. Tim Hardaway Jr.
45%
I was no. 1 pick overall and played in Center position. Dwight Howard
43%
I won a chip with Al Horford. Jrue Holiday
39%
I am a top 50 scorer all time and 6 time All Star. Demar Derozan
34%
I was a Finals MVP but also All Rookie Second Team in my career. Jaylen Brown
33%
I played in Chicago as a power forward. Nikola Mirotić
33%
I was an MVP of an all star game in the city I played for. Shaquille Oneal
32%
I was picked by the Knicks as a lottery pick. Obi Toppin
30%
I am a 6x All Star and have 1 NBA trophy won as a Finals MVP. Kawhi Leonard
26%
Before coming to the NBA I played for Mega Basket. Nikola Jović
24%
I was ABA League Top prospect in 2015 and All Rookie First Team in 2016. Nikola Jokić
19%
I came from Spanish Club when drafted in 2015. Kristaps porzingis
18%
I have at least one ring as a starter on the squad. Pau Gasol
18%
I won 3 Serbian Leagues and 3 Slovenian Cups in 5 year span. Davis Bertans
16%
No matching quizzes found
Score Distribution
Percent of People with Each Score
Percentile by Number Answered
Your Score History
You have not taken this quiz